ბათუმის შოთა რუსთაველის სახელმწიფო უნივერსიტეტის ბიბლიოთეკა

Drawings and Plans of Frank Lloyd Wright: The Early Period (1893-1909) (ბიბ.ჩანაწერი № 56475)

000 -LEADER
fixed length control field 00697nam a2200217Ia 4500
001 - CONTROL NUMBER
control field 23588
003 - CONTROL NUMBER IDENTIFIER
control field GE_BSU
005 - DATE AND TIME OF LATEST TRANSACTION
control field 20191007120122.0
008 - FIXED-LENGTH DATA ELEMENTS--GENERAL INFORMATION
fixed length control field 181216s||||||||xx |||||||||||||| ||und||
020 ## - INTERNATIONAL STANDARD BOOK NUMBER
International Standard Book Number 978-0486244570
040 ## - CATALOGING SOURCE
Transcribing agency GE_BSU
080 ## - UNIVERSAL DECIMAL CLASSIFICATION NUMBER
Universal Decimal Classification number 72+721
100 ## - MAIN ENTRY--PERSONAL NAME
Personal name Wright, Frank Lloyd
9 (RLIN) 4571
245 ## - TITLE STATEMENT
Title Drawings and Plans of Frank Lloyd Wright: The Early Period (1893-1909)
260 ## - PUBLICATION, DISTRIBUTION, ETC.
Date of publication, distribution, etc. New York :
Place of publication, distribution, etc. Dover Publications, INC ,
Name of publisher, distributor, etc. 2018.
300 ## - PHYSICAL DESCRIPTION
Extent 108 p .:
Other physical details il :
Dimensions 35 cm.
653 ## - INDEX TERM--UNCONTROLLED
Uncontrolled term Drawings and Plans of Frank Lloyd Wright: The Early Period (1893-1909)
653 ## - INDEX TERM--UNCONTROLLED
Uncontrolled term Рисование и черчение
653 ## - INDEX TERM--UNCONTROLLED
Uncontrolled term ხაზვა. ხატვა.
942 ## - ADDED ENTRY ELEMENTS (KOHA)
Koha item type წიგნი
Source of classification or shelving scheme
ეგზემპლარები
Withdrawn status Lost status Source of classification or shelving scheme Damaged status Not for loan Permanent Location Current Location Shelving location Date acquired Cost, normal purchase price Full call number Barcode Date last seen Copy number Price effective from Koha item type Public note
          ბათუმის შოთა რუსთაველის სახელმწიფო უნივერსიტეტის მთავარი ბიბლიოთეკა ტექნოლოგიური ფაკულტეტის ბიბლიოთეკა წიგნსაცავი 2018-12-17 30.00 72+721 W-88 58769 2018-12-17 58769 2018-12-17 წიგნი 30.00